000 01725naa a22003497a 4500
001 BR8602764
003 BR-BrBNA
005 20240918175717.0
007 ta
008 230509b bl.||||| |||| 00| 0 por d
040 _aBR-BrBNA
_bpor
_cBiblioteca Nacional de Agricultura
041 _a(Pt)
072 _aF01
_b1050
_b3600
090 _aF01 BR8602764
100 1 _aMarodin, G.A.B.
100 1 _aKoller, O.C.
100 1 _aManica, I.
100 1 _aBarros, I.B.I. de
100 1 _aSchwarz, S.F.
111 1 _a8. Congresso Brasileiro de Fruticultura
_cBrasilia, DF (Brazil)
_d26-31 Jan 1986
245 1 _aUso de reguladores de crescimento e raleio manual de frutos em tangerineira (Citrus deliciosa Tenore)cv. Montenegrina
246 1 _aThe use of growth regulators and manual thinning of mandarins (Citrus deliciosa Tenore)cv. Montenegrina
246 1 _a[Annals of the 8. Brazilian Congress of Fruitculture. v. 1]
260 3 _aBrasilia, DF (Brasil):
_bEMBRAPA. DDT,
_c1986.
500 _aPinto, A.C. de Q.; Genu, P.J. de C. (eds.) Anais do 8. Congresso Brasileiro de Fruticultura. v. 1 Brasilia, DF (Brasil): EMBRAPA. DDT, 1986. p. 207-213 (BR8602764-AM)F01
650 _aTANGERINA
650 _aREGULADOR DE CRESCIMENTO
650 _aPRATICA CULTURAL
773 0 _tAnais do 8. Congresso Brasileiro de Fruticultura. v. 1
_aPinto, A.C. de Q.; Genu, P.J. de C. (eds.). Sociedade Brasileira de Fruticultura, Brasilia, DF (Brasil);Empresa Brasileira de Pesquisa Agropecuaria, Brasilia, DF (Brasil);Conselho Nacional de Desenvolvimento Cientifico e Tecnologico, Brasilia, DF (Brasil)
_wF01 BR8602764
_gBrasilia, DF (Brasil), 1986. p. 207-213
909 _a202404
_bLucia
_c55
_dLucia Elande
942 _cAM
_2AGRIS
999 _c317855
_d317855